|
|
|
|
| LEADER |
01117cam a2200313 7i4500 |
| 001 |
0000012007 |
| 005 |
20230907090000.0 |
| 008 |
200310s1996 nyua ### #00001eng## |
| 010 |
# |
# |
|a 96017756
|
| 020 |
# |
# |
|a 0262011530
|
| 020 |
# |
# |
|a 0070004846
|
| 040 |
# |
# |
|a UMT
|b eng
|c UMT
|e rda
|
| 090 |
0 |
0 |
|a QA 76.6
|b .A2 1996
|
| 100 |
1 |
# |
|a Abelson, Harold
|e author
|
| 245 |
1 |
0 |
|a Structure and interpretation of computer programs
|c Harold Abelson and Gerald Jay Sussman, with Julie Sussman ; foreword by Alan J. Perlis.
|
| 250 |
# |
# |
|a Second edition
|
| 264 |
# |
1 |
|a Cambridge, Mass:
|b New York,
|c 1996
|
| 300 |
# |
# |
|a 657 pages:
|b illustrations;
|c 24 cm.
|
| 336 |
# |
# |
|a text --
|2 rdacontent
|
| 337 |
# |
# |
|a unmediated --
|2 rdamedia
|
| 338 |
# |
# |
|a volume --
|2 rdacarrier
|
| 504 |
# |
# |
|a Includes bibliographical references (p. [611]-617) and index.
|
| 590 |
# |
# |
|a Perpustakaan Sultanah Nur Zahirah
|
| 650 |
0 |
0 |
|a Computer programming
|
| 650 |
0 |
0 |
|a LISP (Computer program language)
|
| 700 |
1 |
# |
|a Sussman, Gerald Jay
|
| 700 |
1 |
# |
|a Perlis, Alan J.
|
| 700 |
1 |
# |
|a Sussman, Julie
|
| 999 |
|
|
|a 1000402088
|b Book
|c Open Shelf
|e KOLEKSI TERBUKA
|